[Event "Perm op 06"]
[Site "Perm"]
[Date "2009.06.12"]
[Round "5"]
[White "Chikrin, Vladimir"]
[Black "Alekseev, Sergey A"]
[Result "0-1"]
[WhiteElo "2039"]
[BlackElo "2000"]
[PlyCount "40"]
[EventDate "2009.06.09"]
[EventType "swiss"]
[EventRounds "8"]
[EventCountry "RUS"]
[SourceTitle "EXT 2022"]
[Source "ChessBase"]
[SourceDate "2021.10.06"]
[SourceVersion "1"]
[SourceVersionDate "2021.10.06"]
[SourceQuality "1"]

1. d4 d5 2. c4 e6 3. Nc3 c6 4. e3 Nf6 5. Nf3 Nbd7 6. Qc2 Bd6 7. g4 Nxg4 8. Rg1 Nxh2 9. Nxh2 Bxh2 10. Rxg7 h5 11. Bd2 Nf6 12. 0-0-0 Ng4 13. f4 Qf6 14. Rh7 Bg3 15. Be2 Bf2 16. Rh1 Nxe3 17. Rxh8+ Qxh8 18. Rxh5 Qxh5 19. Bxh5 Nxc2 20. Kxc2 Bxd4 0-1

[Event "Pskov 5th op"]
[Site "Pskov"]
[Date "2008.06.28"]
[Round "8.16"]
[White "Tkachev, Ivan"]
[Black "Alekseev, Sergey A"]
[Result "0-1"]
[WhiteElo "1951"]
[BlackElo "1970"]
[PlyCount "94"]
[EventDate "2008.06.22"]
[EventType "swiss"]
[EventRounds "9"]
[EventCountry "RUS"]
[SourceTitle "EXT 2022"]
[Source "ChessBase"]
[SourceDate "2021.10.06"]
[SourceVersion "1"]
[SourceVersionDate "2021.10.06"]
[SourceQuality "1"]

1. d4 Nf6 2. Nf3 g6 3. c4 Bg7 4. Nc3 0-0 5. e4 d6 6. h3 e5 7. d5 Nbd7 8. Be3 a5 9. Bd3 Nh5 10. g4 Nf4 11. Bxf4 exf4 12. Qc2 Ne5 13. Nxe5 Bxe5 14. 0-0-0 Bd7 15. f3 a4 16. Rdg1 a3 17. b3 Qf6 18. Ne2 Qh4 19. Qd2 Qf2 20. Rf1 Qc5 21. Qc2 Rfb8 22. h4 b5 23. cxb5 Bxb5 24. Qxc5 dxc5 25. Kd2 c4 26. bxc4 Bd7 27. Rb1 Rb2+ 28. Rxb2 axb2 29. Rb1 Rxa2 30. c5 Ra3 31. c6 Bc8 32. Kc2 Kf8 33. Ng1 Ke7 34. Ne2 Kd6 35. Kd2 Kc5 36. Kc2 Kb4 37. g5 Kc5 38. Ng1 Ba6 39. Bxa6 Rxa6 40. Ne2 Ra3 41. Rf1 Re3 42. Ng1 Kb4 43. Rd1 Ka3 44. Kb1 Kb3 45. Rf1 Rc3 46. Nh3 Rc5 47. Nf2 Ra5 0-1

[Event "Pskov 5th op"]
[Site "Pskov"]
[Date "2008.06.27"]
[Round "6.17"]
[White "Alekseev, Sergey A"]
[Black "Makovetsky, Boris"]
[Result "0-1"]
[WhiteElo "1970"]
[BlackElo "2249"]
[PlyCount "128"]
[EventDate "2008.06.22"]
[EventType "swiss"]
[EventRounds "9"]
[EventCountry "RUS"]
[SourceTitle "EXT 2022"]
[Source "ChessBase"]
[SourceDate "2021.10.06"]
[SourceVersion "1"]
[SourceVersionDate "2021.10.06"]
[SourceQuality "1"]

1. e4 e6 2. d4 d5 3. e5 c5 4. c3 Nc6 5. Nf3 h6 6. Bd3 g5 7. dxc5 Bxc5 8. h3 a5 9. 0-0 Nge7 10. Qe2 Ng6 11. Rd1 Qc7 12. Bxg6 fxg6 13. c4 dxc4 14. Nc3 0-0 15. Nb5 Qe7 16. Be3 Kg7 17. Nd6 Bxe3 18. Qxe3 a4 19. Nd2 b5 20. Nxb5 Ra5 21. Nd4 Nxe5 22. Qc3 Rc5 23. Ne4 Kh7 24. Nxc5 Qxc5 25. Rd2 Bb7 26. Re1 Rf7 27. Qe3 Qd5 28. Nf3 Nxf3+ 29. gxf3 Qf5 30. Rd8 Bd5 31. Qe5 Qxe5 32. Rxe5 Rxf3 33. Re3 Rf7 34. Rb8 Kg7 35. Ra3 Ra7 36. Rb4 Kf6 37. Raxa4 Rc7 38. Ra3 Ke5 39. Rc3 Kd4 40. a4 Ra7 41. Ra3 h5 42. a5 h4 43. a6 Ke5 44. Ra5 Kf4 45. Ra3 g4 46. hxg4 Kxg4 47. Rb8 g5 48. Rh8 Kf5 49. Rf8+ Ke5 50. Kh2 g4 51. Rh8 h3 52. Rg8 Bf3 53. Rd8 Kf6 54. Rf8+ Ke5 55. Rfxf3 gxf3 56. Rxf3 Rxa6 57. b3 Ra3 58. Re3+ Kd4 59. Rxe6 Rxb3 60. Re8 Rf3 61. Rc8 c3 62. Kg1 Kd3 63. Kf1 Kd2 64. Rd8+ Rd3 0-1